000
00353nam a2200157Ia 4500
100
_a
Silberschatz/ A/ Peterson
250
_a
2
942
_c
BK
654
_a
Operating System
245
_a
Operating Systems Concepts
260
_b
Addison Wesley Pub
_a
Reading
_c
1985
082
_a
5.43
_b
PET/SIL
300
_a
625
546
_a
ENGLISH
999
_c
27689
_d
27689